QUEST Central Library Banner

Steel Tables (Record no. 57984)

MARC details
000 -LEADER
fixed length control field 00228nam a22001097a 4500
082 ## - DEWEY DECIMAL CLASSIFICATION NUMBER
Classification number 624.171VAZ
100 ## - MAIN ENTRY--AUTHOR NAME
Personal name Vazirani, S
245 ## - TITLE STATEMENT
Title Steel Tables
260 ## - PUBLICATION, DISTRIBUTION, ETC. (IMPRINT)
Place of publication New Delhi
Name of publisher Kataria and sons
Year of publication 2017
300 ## - PHYSICAL DESCRIPTION
Number of Pages 167
942 ## - ADDED ENTRY ELEMENTS (KOHA)
Koha item type Books
Holdings
Withdrawn status Lost status Home library Current library Date acquired Full call number Accession Number Koha item type
    Central Library, QUEST, Nawabshah Central Library, QUEST, Nawabshah 09/10/2017 624.171VAZ 56653 Books

Copyright © 2018,The QUEST, Nawabshah, Shaheed Benazirabad. All rights reserved
Mr. G. Farooq Channar (Librarian) QUEST, Nawabshah, Sindh, Pakistan 67480.
 Ph#: |   0244-9370381-4 Ext. 2308   Email| lib@quest.edu.pk   Web|  http://www.quest.edu.pk